000 01152nam a22002537a 4500
005 20170124102937.0
010 _aA-610538
020 _c15.00
_a817201340
035 _aA-610538
037 _bCen Lib/Ret
040 _aDPL
_bHN
082 _a821
_bरामेश्व
100 _aरामेश्वरदयाल श्रीमाली
_947008
245 _aभारतीय साहित्य के निर्माता :
_cरामेश्वरदयाल श्रीमाली
_bपद्मनाभ /
246 _aBhartiye sahitye ke nirmata : padmnaabh /
_bby Rameshwardayal Shrimali
260 _aनई दिल्ली
_bसाहित्य अकादमी
_c1993
270 _a35, फिरोज़शाह मार्ग
_bनई दिल्ली
_e110001
300 _a91पृ.
_c20सेमी (सजिल्द)
650 _aहिन्दी -- साहित्य
_947009
650 _aहिन्दी -- काव्य
_9779
650 _aHindi - literature
_947010
650 _aHindi - Poem
_947011
942 _2ddc
_cHN
_h821
_mरामेश्व
999 _c112349
_d112349